000 002300000a22000970004500
100 1 _aRubio, Antonio
245 1 0 _aETA : La conexión americana
300 _aVol. 23, Núm 23 (1993), Páginas 44
773 0 _tCambio 16
942 _cANA
999 _c58335
_d58335